000 00685nam a2200229 a 4500
001 BRCA_6922
005 20190320205637.0
008 161111s1928----u--a######---#000-0#eng-#
041 _aeng
044 _au
050 4 _aPQ2161
_bB69 1928
100 1 _aBalzac, Honoré de
_d1799-1850
_917251
245 1 0 _aDroll stories
_cby Honoré de Balzac ; edited by Ernest Boyd ; illustrated by Ralph Barton
260 _aNueva York
_bGarden City
_c[c1928]
300 _a2 v. en 1
_bil.
_c24 cm.
500 _aO141
650 1 4 _aLiteratura francesa
_917252
700 1 _aBoyd, Ernest Augustus
_d1887-1946
_eed.
_917253
700 1 _aBarton, Ralph
_eil.
_917254
902 _aGFM
942 _2lcc
_cB
999 _c6604
_d6604